000 01450nam a2200445 i 4500
001 7730
003 KOSZ 005
005 20200504121309.0
008 020718s1977 pl a |000 0 pol
015 _aUWD 1978/333
035 _a991018781069705066
035 _a(PL-WaBN)b15090905-48omnis_nlop
035 _ab15090905
035 _a(OCoLC)749514053
035 _a(PL)b0000001509090
035 _a(EXLNZ-48OMNIS_NETWORK)9910010111205606
040 _aWA N
_cWA N
_dKOSZ 005/HR
080 _a669.1
100 1 _aKubac, Rudolf
_eAutor
245 1 0 _aTablice stali zwykłej jakości /
_cRudolf Kubac, Szczepan Pilarczyk, Andrzej Pronobis.
260 _aKatowice :
_b"Śląsk",
_c1977.
300 _a473, [6] s. :
_btab. ;
_c17 cm.
336 _aTekst
_btxt
_2rdacontent
337 _aBez urządzenia pośredniczącego
_bn
_2rdamedia
338 _aWolumin
_bnc
_2rdacarrier
380 _aKsiążki
388 _a1901-2000
388 _a1945-1989
504 _aWykaz norm.
650 7 _aStal
_2DBN
650 7 _aKlasyfikacja
655 7 _aTablice i wzory
_2DBN
658 _aInżynieria i technika
700 1 _aPilarczyk, Szczepan
_eAutor
700 1 _aPronobis, Andrzej
_eAutor
710 2 _aWydawnictwo "Śląsk"
_4pbl
856 _uhttp://koha.tu.koszalin.pl/cgi-bin/koha/opac-detail.pl?biblionumber=7730
_zKatalog online BPK
942 _2UKD
_cKS
999 _c7730
_d7730